Български Предренесанс (Запис номер 51274)
[ съкратено ]
| 000 -Лидер | |
|---|---|
| Контролно поле с фиксирана дължина | nam a22 a 4500 |
| 003 - Код на организацията, давaща контролен номер | |
| Контролно поле | BLK |
| 005 - Дата и час на последна редакция | |
| Контролно поле | 20210204103610.0 |
| 008 - Елементи от данни с фиксирана дължина | |
| fixed length control field | 180408b bul|||||r ||||||| ||bul|| |
| 010 ## - Наследен системен номер | |
| LC control number | KNG00055176000 |
| 020 ## - Международен стандартен номер на книга ISBN | |
| Международен стандартен номер на книга ISBN | 954-9321-05-3 |
| 040 ## - Източник на каталожния запис | |
| Идентификатор на билиотеката - собственик на записа | BLK |
| 041 ## - Код за език | |
| Код за езика на текст/звукозапис или на отделно заглавие | Български |
| Код за езика КДБФ | Български |
| 080 ## - УДК | |
| Текстов определител УДК | История на цивилизацията. История на културата |
| УДК код - определител по УДК | 930.85 |
| УДК определител | (497.2) |
| УДК - код + определител | 930.85(497.2) |
| 080 ## - УДК | |
| Текстов определител УДК | Ръкописи. Вж и 75.056; 75.057 |
| УДК код - определител по УДК | 091 |
| УДК определител | (497.2) |
| УДК - код + определител | 091(497.2) |
| 080 ## - УДК | |
| Текстов определител УДК | Живопис върху миниатюри. Илюстрации на книги |
| УДК код - определител по УДК | 75.056 |
| УДК определител | (497.2) |
| УДК - код + определител | 75.056(497.2) |
| 100 1# - Редна дума - Автор | |
| Автор | Талев, Илия Василев |
| Авторска отговорност | първи автор |
| R(LIN) | 283711 |
| 139 ## - Редно поле | |
| Редна дума | Талев, Илия Василев |
| Авторски знак | Тал - Т 25 |
| 245 10 - Сведения за заглавието | |
| Заглавие | Български Предренесанс |
| Подзаглавни данни | Митове и реалност |
| Редно поле (дума) | Илия Василев Талев. |
| 257 ## - Страна на издаване | |
| Страна на създаване/издаване | България |
| 260 ## - Област на издателските данни | |
| Име на издателя, разпространителя и проч. | Ибис |
| Година на издаване | 2005 |
| Печатница | София : Симолини 94 |
| Място на издаване, разпространение и проч. | София |
| 300 ## - Физическа характеристика | |
| Страници | 174 с. |
| Илюстрации и др. | с ил., факс. |
| Размери/Мащаб | 26 см |
| 380 ## - Жанр | |
| Жанр | История |
| 500 ## - Общи забележки | |
| Забележка | Библиогр. с. 168-174 |
| 650 #4 - Допълнително описание по предмет – тема | |
| Основно описание – тема или топоним | Цивилизация - история |
| 9 (RLIN) | 250724 |
| 650 #4 - Допълнително описание по предмет – тема | |
| Основно описание – тема или топоним | Ръкописи, български - художествено оформление |
| 9 (RLIN) | 266083 |
| 650 #4 - Допълнително описание по предмет – тема | |
| Основно описание – тема или топоним | Миниатюри, български |
| 9 (RLIN) | 266085 |
| 653 ## - Ключова дума – ненормативна | |
| Ключова дума | ръкописи |
| 653 ## - Ключова дума – ненормативна | |
| Ключова дума | Средновековие |
| 653 ## - Ключова дума – ненормативна | |
| Ключова дума | България |
| 653 ## - Ключова дума – ненормативна | |
| Ключова дума | български книги |
| 852 ## - Местоположение | |
| Форматна сигнатура | Цб ІІ 13321 |
| Фондова буква | Хранилище |
| 856 4# - Електронен адрес и достъп | |
| Електронен формат | pdf - файл |
| 856 4# - Електронен адрес и достъп | |
| Електронен формат | pdf - файл |
| 999 ## - СИСТЕМНИ КОНТРОЛНИ НОМЕРА | |
| Koha biblionumber | 51274 |
| Koha biblioitemnumber | 51274 |
| 942 ## - АРТИКУЛИ | |
| Вид на библиотечния материал | Книги |
| Скрит в OPAC | Не |
| Периодичен библиозапис | Да |
| 944 ## - СЪЗДАВАНЕ И РЕДАКЦИЯ на ЗАПИСА | |
| Създаване/Редакция | Създаване |
| Дата на регистрацията/редакция | 08.09.2005 |
| Служител, извършил регистрацията/редакцията | Милена_Ачева |
| 944 ## - СЪЗДАВАНЕ И РЕДАКЦИЯ на ЗАПИСА | |
| Създаване/Редакция | Редакция |
| Дата на регистрацията/редакция | 01.06.2009 |
| 999 ## - СИСТЕМНИ КОНТРОЛНИ НОМЕРА | |
| Koha biblioitemnumber | 51274 |
| Код за отписване | Код за изгубен артикул | Източник на класификационната схема | Код за повреда | Коз за рестрикции | Код за отдаване | Артикулен № | Име на библиотеката - собственик | Име на библиотеката, в която се намира в момента | Статус (Текущо местоположение) | Дата на вписване в системата | Местоположение - отдел | Цена в лева | Инвентарен номер | Систематично азбучна сигнатура | Баркод | Номер на екземпляра | Цена в евро | Служебна бележка | Служебен тип на артикула |
|---|---|---|---|---|---|---|---|---|---|---|---|---|---|---|---|---|---|---|---|
| Не е изгубен | Universal Decimal Classification | Не е повреден | без рестрикции | заемане за дома | 80908 | Регионална библиотека "Любен Каравелов" Русе | Регионална библиотека "Любен Каравелов" Русе | Отдел Изкуство - подръчен фонд | 2005-09-07 | Отдел Изкуство - подръчен фонд | 9.00 | 120000696483 | 93/99/Т 25 | 120000696483 | 1 | 4.60 | Дост: Pk Вид: Ф N: 8909 Дата: 01.09.2005 Дата инв: 08.06.2012 Бележки инв: * | Книги | |
| Не е изгубен | Universal Decimal Classification | Не е повреден | само за читалня | ползва се в читалня | 80909 | Регионална библиотека "Любен Каравелов" Русе | Регионална библиотека "Любен Каравелов" Русе | Хранилище | 2009-04-21 | Хранилище | 9.00 | 120000735046 | Цб ІІ 13321 | 120000735046 | 2 | 4.60 | Дост: Dp Вид: Д N: 47 Дата: 04.11.2008 | Книги |